Les dictateurs européens du XXe siècle - Statistiques

Statistiques générales
  • Ce quiz a été pris 127 fois
  • Le résultat moyen est 8 sur 24
Statistiques - réponses
Hint Réponse % Correct
Italie (1922-1943) Mussolini
100%
Allemagne (1933-1945) Hitler
99%
France (1940-1944) Pétain
94%
Espagne (1936-1975) Franco
92%
URSS (1922-1953) Staline
90%
Yougoslavie (1939-1980) Tito
71%
Portugal (1932-1968) Salazar
55%
Roumanie (1965-1989) Ceausescu
36%
Biélorussie (1994- Aujourd'hui) Loukachenko
35%
URSS (1964-1982) Brejnev
27%
Albanie (1945-1985) Hoxha
20%
RDA (1971-1989) Honecker
9%
Pologne (1981-1989) Jaruzelski
8%
Grèce (1967-1973) Papadopoulos
6%
RDA (1950-1971) Ulbricht
4%
Roumanie (1961-1965) Gheorghiu-Dej
3%
Norvège (1942-1945) Quisling
3%
Hongrie (1945-1956) Rakosi
3%
Pays-Bas (1940-1945) Seyss-Inquart
2%
Norvège (1940-1945) Terboven
2%
Tchécoslovaquie (1969-1989) Husak
1%
Grèce (1974) Ioannidis
1%
Bulgarie (1954-1989) Jivkov
1%
Tchécoslovaquie (1951-1968) Novotny
1%
Aucun quiz correspondant
Distribution des résultats
% des personnes avec chaque résultat
Percentile par nombre de réponses
Votre historique - résultats
Vous n’avez pas pris ce quiz